000 03626cam a22004694a 4500
001 13091374
005 20061108100250.0
008 030213s2004 maua b 001 0 eng
010 _a 2003044184
020 _a0072553472 (alk. paper)
040 _aDLC
_cDLC
_dDLC
042 _apcc
050 0 0 _aHF5548.32
_b.R393 2004
082 0 0 _a658.84
_221
_bRAY
100 1 _aRayport, Jeffrey F.
_917110
245 1 0 _aIntroduction to E-Commerce /
_cJeffrey F. Rayport, Bernard J. Jaworski.
250 _a2nd ed.
260 _aBoston :
_bMcGraw-Hill Irwin MarketspaceU,
_cc2004.
300 _axxvii, 516 p. :
_bill. ;
_c27 cm.
440 0 _aMcGraw-Hill/Irwin series in marketing
_917111
504 _aIncludes bibliographical references and index.
650 0 _aElectronic commerce.
_917112
700 1 _aJaworski, Bernard J.
_917113
856 4 2 _3Publisher description
_uhttp://www.loc.gov/catdir/enhancements/fy0702/2003044184-d.html
856 4 1 _3Table of contents only
_uhttp://www.loc.gov/catdir/enhancements/fy0702/2003044184-t.html
942 _2ddc
_cNB
999 _c10293
_d10293